|
|
|
|
| LEADER |
00000nam0a2200000 4500 |
| 001 |
145507 |
| 005 |
20231101221149.0 |
| 029 |
1 |
0 |
|a RU
|b 2091-90
|c МИ
|
| 035 |
|
|
|a (RuTPU)RU\TPU\book\157713
|
| 035 |
|
|
|a RU\TPU\book\151297
|
| 090 |
|
|
|a 145507
|
| 100 |
|
|
|a 20081017d1991 k a0rusy50 ca
|
| 101 |
0 |
|
|a rus
|
| 102 |
|
|
|a RU
|
| 105 |
|
|
|a a l 000zy
|
| 200 |
1 |
|
|a Измерения физических величин. Общие требования
|a Рекомендация. МИ 2091-90
|f СССР, ; Комитет стандартизации и метрологии СССР
|
| 205 |
|
|
|a Изд. офиц.
|
| 210 |
|
|
|a Москва
|c Изд-во стандартов
|d 1991
|
| 215 |
|
|
|a 17 с.
|c ил.
|
| 225 |
1 |
|
|a Государственная система обеспечения единства измерений
|
| 229 |
|
|
|a Утверждена НПО "ВНИИМ им. Д. И. Менделеева" 25.12.89 г.
|
| 610 |
1 |
|
|a МИ
|
| 610 |
1 |
|
|a измерения
|
| 610 |
1 |
|
|a физические величины
|
| 610 |
1 |
|
|a единство измерений
|
| 675 |
|
|
|a 53(083)
|v 3
|
| 712 |
0 |
2 |
|a Комитет стандартизации и метрологии СССР
|2 stltpush
|3 (RuTPU)RU\TPU\col\13362
|9 25628
|
| 801 |
|
1 |
|a RU
|b 63413507
|c 20080530
|g PSBO
|
| 801 |
|
2 |
|a RU
|b 63413507
|c 20221208
|g PSBO
|
| 942 |
|
|
|c BK
|